| 000 | 00740nam a2200241 u 4500 | ||
|---|---|---|---|
| 005 | 20230623063604.0 | ||
| 008 | 120608s2009 r 000 0 eng d | ||
| 020 | _a9786074561555 | ||
| 035 | _aUPN01000184904 | ||
| 049 | _aI | ||
| 050 | 4 |
_aPZ75 _bP4.8 |
|
| 100 | 1 |
_aPeyrón Pichardo, Gabriela, _d1955- _943204 |
|
| 245 | 1 | 0 |
_aSúper gel / _cGabriela Peyron ; il. de Arno Avilés. |
| 260 |
_aMéxico : _bProgreso, _c2009. |
||
| 300 |
_a45 p. : _bprincipalmente il. col. |
||
| 440 | 0 | _aRehilete | |
| 586 | _aPremio Filij de Cuento para Niños | ||
| 650 | 4 |
_aCuentos infantiles mexicanos _97723 |
|
| 650 | 4 |
_aLIBROS Y LECTURA PARA NIÑOS - _zMEXICO _96110 |
|
| 700 | 1 |
_aAvilés, Arno, _eil. |
|
| 905 | _aInfantil | ||
| 999 |
_c157007 _d157007 |
||